Využitie obnoviteľných zdrojov energie.
Enregistré dans:
| Auteur principal: | |
|---|---|
| Autres auteurs: | |
| Format: | Manuscrit Livre |
| Langue: | slovaque |
| Publié: |
2015
|
| Sujets: | |
| Accès en ligne: | http://is.stuba.sk/zp/portal_zp.pl?podrobnosti=112838 |
| Tags: |
Pas de tags, Soyez le premier à ajouter un tag!
|
MARC
| LEADER | 00000ntm a22000003a 4500 | ||
|---|---|---|---|
| 001 | stuzp51593 | ||
| 003 | SK-STU | ||
| 005 | 20160719153914.6 | ||
| 007 | ta | ||
| 008 | 150427s2015----xo-----f-mn---000-0-slo-d | ||
| 040 | |a STU |b slo | ||
| 041 | 0 | |a slo | |
| 100 | 1 | |a Ďurišin, Šimon |u 020060 |4 aut |U SjF Strojnícka fakulta |T SjF Ústav tepelnej energetiky |X 65682 |U J0060 |Y 805 |7 65682 | |
| 242 | 0 | 1 | |a The implementation of renewable energy sources |y eng |
| 245 | 1 | 0 | |a Využitie obnoviteľných zdrojov energie. |
| 260 | |c 2015 | ||
| 650 | 4 | |a potreba tepla |2 slo | |
| 650 | 4 | |a tepelné straty |2 slo | |
| 650 | 4 | |a zdroj tepla |2 slo | |
| 650 | 4 | |a heat |2 eng | |
| 650 | 4 | |a heat demand |2 eng | |
| 650 | 4 | |a heat input |2 eng | |
| 700 | 1 | |a Muškát, Peter |4 ths |X 5022 |7 A00005022 | |
| 856 | 4 | |u http://is.stuba.sk/zp/portal_zp.pl?podrobnosti=112838 | |
| 996 | |b 284J043744 |c J* 2034/DP |l JJSK |s A |a 24 |w stuzp51593_0001 | ||
| SQL | |a stuzp51593 |b DDP |c SLO |d Využitie obnoviteľných zdrojov energie. |e 65682 |f Ďurišin, Šimon |g 020060 |h 5022 |i Muškát, Peter |j 20150617 |k 61 |l 02 |m http://is.stuba.sk/zp/portal_zp.pl?podrobnosti=112838 |n I-TESZ |o 5.2.29. energetika | ||